Elements of the Periodic table that start with M - Statistics

General Stats
  • This quiz has been taken 81 times
  • The average score is 4 of 7
Answer Stats
Answer % Correct
Magnesium
83%
Manganese
81%
Molybdenum
67%
Mercury
64%
Mendelevium
53%
Moscovium
50%
Meitnerium
45%
No matching quizzes found
Score Distribution
Percent of People with Each Score
Percentile by Number Answered
Your Score History
You have not taken this quiz